[Event "Chicago op 24th"]
[Site "Chicago"]
[Date "2015.05.24"]
[Round "7"]
[White "Niemann, Hans Moke"]
[Black "Panchanatham, Vignesh"]
[Result "1-0"]
[WhiteElo "2173"]
[BlackElo "2229"]
[PlyCount "207"]
[EventDate "2015.05.21"]
[EventType "swiss"]
[EventRounds "9"]
[EventCountry "USA"]
[SourceTitle "CBM 166 Extra"]
[Source "ChessBase"]
[SourceDate "2015.06.18"]
[SourceVersion "1"]
[SourceVersionDate "2015.06.18"]
[SourceQuality "1"]

1. d4 Nf6 2. c4 g6 3. Nc3 Bg7 4. e4 d6 5. Nf3 0-0 6. Be2 Na6 7. 0-0 e5 8. Be3 Ng4 9. Bg5 Qe8 10. h3 h6 11. Bc1 exd4 12. Nxd4 Nf6 13. Bf3 Qe5 14. Re1 Rd8 15. b3 Nh7 16. Be3 Ng5 17. Ndb5 c6 18. Bd4 Qf4 19. Bxg7 Nxf3+ 20. Qxf3 Qxf3 21. gxf3 Kxg7 22. Nd4 Bxh3 23. Rad1 Nc7 24. Kh2 Bc8 25. Rd2 Kf6 26. f4 Ne6 27. Nde2 a5 28. Red1 Ke7 29. Na4 Rb8 30. Nb6 Nc5 31. e5 Ne4 32. Rd4 Bf5 33. f3 dxe5 34. Rxd8 Rxd8 35. Rxd8 Kxd8 36. fxe4 Bg4 37. Nc1 exf4 38. Nd3 g5 39. c5 Be6 40. Ne5 Kc7 41. Nbc4 a4 42. Nd2 b6 43. cxb6+ Kxb6 44. bxa4 Ka5 45. Nxc6+ Kxa4 46. Nb1 h5 47. Nc3+ Ka3 48. Nd5 f5 49. Nd4 fxe4 50. Nxe6 e3 51. Nxg5 e2 52. Nf3 Kxa2 53. Nc3+ Kb3 54. Nxe2 h4 55. Kh3 Kc4 56. Kxh4 Kd3 57. Ned4 Ke4 58. Kg5 Kd5 59. Kf5 Kc4 60. Ke4 Kc5 61. Ne2 Kc4 62. Kf5 Kd3 63. Ned4 Kc4 64. Ke4 Kc5 65. Kd3 Kd5 66. Nb3 Kd6 67. Kd4 Ke6 68. Ke4 Kd6 69. Kd4 Ke6 70. Nbd2 Kd6 71. Kc4 Ke6 72. Nf1 Kd6 73. N1h2 Ke6 74. Kc5 Kd7 75. Ng4 Ke6 76. Nf2 Kd7 77. Ne4 Ke6 78. Nd6 Kd7 79. Nb5 Ke6 80. Nbd4+ Kd7 81. Kd5 Kc7 82. Ke6 Kb6 83. Kd6 Kb7 84. Nb5 Kb6 85. Nc3 Ka5 86. Kc5 Ka6 87. Nd5 Ka5 88. Nb6 Ka6 89. Nc4 Kb7 90. Kd6 Kc8 91. Na5 Kd8 92. Nb7+ Ke8 93. Ke6 Kf8 94. Nd6 Kg7 95. Kf5 Kh6 96. Ne8 Kh5 97. Ng7+ Kh6 98. Kf6 Kh7 99. Nf5 Kg8 100. Ke7 Kh7 101. Kf7 Kh8 102. Ng5 f3 103. Ne7 f2 104. Ng6# 1-0

[Event "Philadelphia op 9th"]
[Site "Philadelphia"]
[Date "2015.04.01"]
[Round "1"]
[White "Panchanatham, Vignesh"]
[Black "Dreev, Alexey"]
[Result "0-1"]
[WhiteElo "2260"]
[BlackElo "2643"]
[PlyCount "88"]
[EventDate "2015.04.01"]
[EventType "swiss"]
[EventRounds "9"]
[EventCountry "USA"]
[SourceTitle "CBM 165 Extra"]
[Source "ChessBase"]
[SourceDate "2015.04.21"]
[SourceVersion "1"]
[SourceVersionDate "2015.04.21"]
[SourceQuality "1"]

1. d4 d6 2. c4 g6 3. Nc3 Bg7 4. Nf3 e5 5. Bg5 f6 6. Be3 Ne7 7. dxe5 fxe5 8. g3 Nbc6 9. Bg2 0-0 10. 0-0 h6 11. Rc1 Be6 12. Nd5 a5 13. a3 a4 14. b4 axb3 15. Qxb3 Na5 16. Qd3 Nf5 17. Bd2 Nc6 18. Nb4 Ra4 19. Nh4 Nxh4 20. Nxc6 bxc6 21. gxh4 Qxh4 22. Bxc6 Rxc4 23. Rxc4 Bxc4 24. Qg3 Qxg3+ 25. hxg3 d5 26. Rb1 Rf6 27. Rb8+ Kh7 28. Bb5 Rb6 29. Rxb6 cxb6 30. Bxc4 dxc4 31. e4 b5 32. Kf1 Bf8 33. Bc1 h5 34. Ke2 Be7 35. Bb2 g5 36. Kd2 Bd6 37. Ke2 Kg6 38. Kf3 Kf6 39. Kg2 Bc5 40. f3 Be3 41. Kf1 Ke6 42. Ke2 Bd4 43. Bc1 h4 44. gxh4 gxh4 0-1

[Event "USA tt"]
[Site "ICC INT"]
[Date "2014.10.21"]
[Round "9"]
[White "Panchanatham, Vignesh"]
[Black "Brodsky, David"]
[Result "1-0"]
[WhiteElo "2271"]
[BlackElo "2095"]
[PlyCount "93"]
[EventDate "2014.08.26"]
[EventType "team-tourn"]
[EventRounds "10"]
[EventCountry "USA"]
[SourceTitle "EXT 2015"]
[Source "ChessBase"]
[SourceDate "2014.11.20"]
[SourceVersion "1"]
[SourceVersionDate "2014.11.20"]
[SourceQuality "1"]
[WhiteTeam "San Francisco"]
[BlackTeam "New York"]
[WhiteTeamCountry "USA"]
[BlackTeamCountry "USA"]

1. d4 d5 2. c4 c6 3. cxd5 cxd5 4. Nc3 Nf6 5. Bf4 Nc6 6. e3 Bf5 7. Rc1 e6 8. Qb3 Bb4 9. Bb5 Bxc3+ 10. Qxc3 Rc8 11. Qa3 Qb6 12. Bxc6+ Rxc6 13. Ne2 Rxc1+ 14. Nxc1 Qa6 15. Qxa6 bxa6 16. Bb8 0-0 17. Bxa7 Rc8 18. Bc5 a5 19. Nb3 a4 20. Nd2 Ne4 21. Ke2 Rb8 22. Ba3 Rc8 23. Rd1 f6 24. f3 Nxd2 25. Rxd2 Bb1 26. b3 axb3 27. axb3 Bc2 28. b4 Ba4 29. Ra2 Rc2+ 30. Rxc2 Bxc2 31. b5 Ba4 32. b6 Bc6 33. Kd3 Kf7 34. g4 g6 35. h4 Ke8 36. Ke2 h6 37. Kf2 Bb7 38. Kg3 Kf7 39. Bd6 Kg8 40. h5 Kf7 41. Kf2 gxh5 42. gxh5 Ba6 43. Bf4 Kg7 44. Ke1 Bb7 45. Kd2 Ba6 46. Kc3 Bb7 47. Kb4 1-0

[Event "Wch U14"]
[Site "Durban"]
[Date "2014.09.28"]
[Round "10"]
[White "Zhao, Yuanhe"]
[Black "Panchanatham, Vignesh"]
[Result "0-1"]
[WhiteElo "2094"]
[BlackElo "2276"]
[PlyCount "84"]
[EventDate "2014.09.20"]
[EventType "swiss"]
[EventRounds "11"]
[EventCountry "RSA"]
[SourceTitle "CBM 162 Extra"]
[Source "ChessBase"]
[SourceDate "2014.10.17"]
[SourceVersion "1"]
[SourceVersionDate "2014.10.17"]
[SourceQuality "1"]

1. d4 e6 2. c4 Nf6 3. g3 d5 4. Nf3 Bb4+ 5. Bd2 a5 6. a3 Bd6 7. Bg2 0-0 8. Qc2 Nbd7 9. 0-0 b6 10. Nc3 Ba6 11. Nb5 dxc4 12. Qxc4 Ne4 13. Be3 Be7 14. Qc6 Nd6 15. Nc3 Bb7 16. Qa4 b5 17. Qb3 Nb6 18. Bf4 b4 19. axb4 axb4 20. Qxb4 Nf5 21. Qb5 Bxf3 22. Bxf3 Rxa1 23. Rxa1 Nxd4 24. Qd3 Nxf3+ 25. Qxf3 Bd6 26. Rd1 Qb8 27. Qc6 Bxf4 28. gxf4 Rd8 29. Rxd8+ Qxd8 30. e3 h6 31. Kg2 Nd5 32. Nxd5 exd5 33. h3 g6 34. Kf3 Kf8 35. Ke2 Ke7 36. b4 h5 37. Kd3 Qc8 38. Kd4 Qxh3 39. Qxc7+ Qd7 40. Qxd7+ Kxd7 41. e4 dxe4 42. Kxe4 f5+ 0-1